[Event "Prague op-B 20th"]
[Site "Prague"]
[Date "2022.01.11"]
[Round "6"]
[White "Mazatis, Benjamin"]
[Black "Janousek, Roman"]
[Result "1/2-1/2"]
[WhiteElo "1546"]
[BlackElo "1817"]
[PlyCount "78"]
[EventDate "2022.01.07"]
[EventType "swiss"]
[EventRounds "9"]
[EventCountry "CZE"]
[SourceTitle "CBM 206 Extra"]
[Source "ChessBase"]
[SourceDate "2022.03.31"]
[SourceVersion "1"]
[SourceVersionDate "2022.03.31"]
[SourceQuality "1"]

1. d4 Nf6 2. c4 e6 3. Nf3 d5 4. Nc3 c6 5. e3 Nbd7 6. Be2 dxc4 7. a4 Bd6 8. e4 e5 9. Bxc4 Qe7 10. 0-0 0-0 11. Re1 exd4 12. Nxd4 Ne5 13. Ba2 Rd8 14. f4 Bc5 15. Be3 Neg4 16. e5 Ne8 17. e6 Nef6 18. exf7+ Kf8 19. Bf2 Qd6 20. Ne6+ Bxe6 21. Qxd6+ Bxd6 22. Bxe6 Nxf2 23. Kxf2 Bxf4 24. g3 Bd2 25. Re2 Bxc3 26. bxc3 Nd5 27. Rc1 Nc7 28. Rce1 Rd6 29. Bc4 Rad8 30. Re4 b5 31. Bb3 Rd2+ 32. Kg1 Rb2 33. Re7 Rxb3 34. Rxc7 bxa4 35. Rce7 Rbb8 36. Rxa7 Ra8 37. Re8+ Rxe8 38. fxe8Q+ Rxe8 39. Rxa4 Re6 1/2-1/2

[Event "Prague op-B 20th"]
[Site "Prague"]
[Date "2022.01.10"]
[Round "5"]
[White "Janousek, Roman"]
[Black "Konvalinka, Vladislav"]
[Result "1/2-1/2"]
[WhiteElo "1817"]
[BlackElo "1796"]
[PlyCount "61"]
[EventDate "2022.01.07"]
[EventType "swiss"]
[EventRounds "9"]
[EventCountry "CZE"]
[SourceTitle "CBM 206 Extra"]
[Source "ChessBase"]
[SourceDate "2022.03.31"]
[SourceVersion "1"]
[SourceVersionDate "2022.03.31"]
[SourceQuality "1"]

1. d4 d5 2. c4 c6 3. Nf3 Nf6 4. Nc3 dxc4 5. a4 Bf5 6. Ne5 Na6 7. e3 e6 8. Bxc4 Nb4 9. 0-0 Bd6 10. Bd2 0-0 11. g4 Bc2 12. Qe2 Bxe5 13. dxe5 Nfd5 14. Rfc1 Bg6 15. Nxd5 Nxd5 16. a5 Ne7 17. Bb4 Re8 18. Rd1 Qc8 19. Bd6 Be4 20. Rd4 Bd5 21. Bd3 c5 22. Rc1 Qd8 23. Rxc5 b6 24. Bc7 bxc5 25. Bxd8 cxd4 26. Bxe7 Rxe7 27. e4 Bb3 28. Qd2 h6 29. h4 Rc8 30. Ba6 Rd8 31. Bd3 1/2-1/2

[Event "Stare Mesto op"]
[Site "Stare Mesto"]
[Date "2010.08.13"]
[Round "1"]
[White "Vrana, Frantisek"]
[Black "Janousek, Roman"]
[Result "1-0"]
[WhiteElo "2295"]
[BlackElo "1809"]
[PlyCount "87"]
[EventDate "2010.08.13"]
[EventType "swiss"]
[EventRounds "10"]
[EventCountry "CZE"]
[SourceTitle "CBM 138 Extra"]
[Source "ChessBase"]
[SourceDate "2010.10.29"]
[SourceVersion "1"]
[SourceVersionDate "2010.10.29"]
[SourceQuality "1"]

1. d4 Nf6 2. Nf3 g6 3. c4 Bg7 4. Nc3 0-0 5. e4 d6 6. Be2 e5 7. 0-0 Nc6 8. d5 Ne7 9. Ne1 Nd7 10. f3 f5 11. g4 Nf6 12. Nd3 Kh8 13. h4 f4 14. Bd2 c6 15. b4 h6 16. a4 Rf7 17. a5 a6 18. Be1 h5 19. g5 Ne8 20. Na4 Bh3 21. Rf2 Nc8 22. Rh2 Bd7 23. Bf1 cxd5 24. cxd5 Nc7 25. Bf2 Qe8 26. Nb6 Nxb6 27. Bxb6 Rc8 28. Nb2 Bb5 29. Bh3 Bd7 30. Bf1 Bb5 31. Nc4 Bf8 32. Rc1 Ba4 33. Qd3 Na8 34. Qa3 Bd7 35. Rhc2 Be7 36. b5 Qf8 37. bxa6 bxa6 38. Qa1 Nc7 39. Bxc7 Rxc7 40. Nxe5 dxe5 41. Qxe5+ Bf6 42. Qxc7 Bd4+ 43. Kh2 Ba4 44. Qc4 1-0